MARC details
| 000 -LEADER |
| fixed length control field |
03181cam a22004577i 4500 |
| 001 - CONTROL NUMBER |
| control field |
20801644 |
| 005 - DATE AND TIME OF LATEST TRANSACTION |
| control field |
20190816104102.0 |
| 008 - FIXED-LENGTH DATA ELEMENTS--GENERAL INFORMATION |
| fixed length control field |
190107t20182018nyu e b 000 0 eng d |
| 010 ## - LIBRARY OF CONGRESS CONTROL NUMBER |
| LC control number |
2018410271 |
| 020 ## - INTERNATIONAL STANDARD BOOK NUMBER |
| International Standard Book Number |
978-1-5460-1028-9 |
| 035 ## - SYSTEM CONTROL NUMBER |
| System control number |
(OCoLC)on1043521442 |
| 037 ## - SOURCE OF ACQUISITION |
| Source of stock number/acquisition |
Grand Central Pub, C/O Little Brown & Co Order Dept 53 State st 9th Fl, Boston, MA, USA, 02109, (973)3728447 |
| Note |
SAN 200-2205 |
| 040 ## - CATALOGING SOURCE |
| Original cataloging agency |
EYB |
| Language of cataloging |
eng |
| Transcribing agency |
EYB |
| Description conventions |
rda |
| Modifying agency |
YDX |
| -- |
BDX |
| -- |
JSE |
| -- |
OCLCO |
| -- |
OI6 |
| -- |
OCLCF |
| -- |
JNE |
| -- |
FM0 |
| -- |
QQ3 |
| -- |
VP@ |
| -- |
INR |
| -- |
TXMAD |
| -- |
IUK |
| -- |
OCLCA |
| -- |
SSH |
| -- |
XRQ |
| -- |
DLC |
| 042 ## - AUTHENTICATION CODE |
| Authentication code |
lccopycat |
| 050 00 - LIBRARY OF CONGRESS CALL NUMBER |
| Classification number |
BV4527 |
| Item number |
.M4383 2018 |
| 082 04 - DEWEY DECIMAL CLASSIFICATION NUMBER |
| Classification number |
DC 248.843 |
| Edition number |
©2018 |
| Item number |
M575 |
| 100 1# - MAIN ENTRY--PERSONAL NAME |
| Personal name |
Meyer, Joyce, |
| Dates associated with a name |
1943- |
| Relator term |
author. |
| 9 (RLIN) |
39201 |
| 245 10 - TITLE STATEMENT |
| Title |
Healing the soul of a woman : |
| Remainder of title |
how to overcome your emotional wounds / |
| Statement of responsibility, etc. |
Joyce Meyer. |
| 250 ## - EDITION STATEMENT |
| Edition statement |
First edition. |
| 260 ## - PUBLICATION, DISTRIBUTION, ETC. (IMPRINT) |
| Place of publication, distribution, etc. |
New York: |
| Name of publisher, distributor, etc. |
Hachette Book Grou, Inc., |
| Date of publication, distribution, etc. |
©2018 |
| 300 ## - PHYSICAL DESCRIPTION |
| Extent |
ix, 231 pages ; |
| Dimensions |
24 cm |
| 500 ## - GENERAL NOTE |
| General note |
Includes a journaling area in back of book. |
| 504 ## - BIBLIOGRAPHY, ETC. NOTE |
| Bibliography, etc |
Includes bibliographical references (pages 229-231). |
| 505 0# - FORMATTED CONTENTS NOTE |
| Formatted contents note |
The history of women -- Living the best life available -- God wants the wounded -- What is a healthy soul? -- Help me! I don't understand myself! -- You are God's beloved -- Hurting people hurt people -- Unload the guilt and shame -- Finding your true self -- No parking at any time -- You are not damaged goods -- The wounds of sin -- Learning to live inside out -- You've got what it takes -- Roadblocks to healing -- The roadblock of self-pity -- Stand up for yourself -- Establish boundaries--don't build walls -- Become your own best ally -- Healing the wounds of codependency -- The blessings of a healthy soul -- The painless path -- The great exchange. |
| 520 ## - SUMMARY, ETC. |
| Summary, etc. |
Can a woman who has been deeply hurt by life's circumstances be healed, heart and soul? If she has been wounded by a man she loved and trusted, can she love and trust again? As a woman who endured years of abuse, abandonment, and betrayal by those closest to her, Joyce Meyer can answer with a resounding "yes!" This book delves deeper into Joyce's story and the journey of healing for all women. Each chapter guides you through whatever obstacles may be holding you back to find your true destiny as God's beloved. God can heal all pain, and He wants to do this in you. -adapted from Amazon. |
| 650 #0 - SUBJECT ADDED ENTRY--TOPICAL TERM |
| Topical term or geographic name as entry element |
Christian women |
| General subdivision |
Religious life. |
| 9 (RLIN) |
39202 |
| 650 #0 - SUBJECT ADDED ENTRY--TOPICAL TERM |
| Topical term or geographic name as entry element |
Women |
| General subdivision |
Religious aspects |
| -- |
Christianity. |
| 9 (RLIN) |
39203 |
| 650 #0 - SUBJECT ADDED ENTRY--TOPICAL TERM |
| Topical term or geographic name as entry element |
Christian life. |
| 9 (RLIN) |
10155 |
| 650 #1 - SUBJECT ADDED ENTRY--TOPICAL TERM |
| Topical term or geographic name as entry element |
Women |
| General subdivision |
Religious aspects |
| -- |
Christianity. |
| 9 (RLIN) |
39203 |
| 650 #7 - SUBJECT ADDED ENTRY--TOPICAL TERM |
| Topical term or geographic name as entry element |
RELIGION / Christian Life / Inspirational. |
| Source of heading or term |
bisacsh |
| 9 (RLIN) |
39204 |
| 650 #7 - SUBJECT ADDED ENTRY--TOPICAL TERM |
| Topical term or geographic name as entry element |
RELIGION / Christian Life / Spiritual Growth. |
| Source of heading or term |
bisacsh |
| 9 (RLIN) |
39205 |
| 650 #7 - SUBJECT ADDED ENTRY--TOPICAL TERM |
| Topical term or geographic name as entry element |
RELIGION / Christian Life / Personal Growth. |
| Source of heading or term |
bisacsh |
| 9 (RLIN) |
39206 |
| 650 #7 - SUBJECT ADDED ENTRY--TOPICAL TERM |
| Topical term or geographic name as entry element |
Christian women |
| General subdivision |
Religious life. |
| Source of heading or term |
fast |
| 9 (RLIN) |
39202 |
| 650 #7 - SUBJECT ADDED ENTRY--TOPICAL TERM |
| Topical term or geographic name as entry element |
Christian life. |
| Source of heading or term |
sears |
| 9 (RLIN) |
10155 |
| 650 #7 - SUBJECT ADDED ENTRY--TOPICAL TERM |
| Topical term or geographic name as entry element |
Women |
| General subdivision |
Religious aspects |
| -- |
Christianity. |
| Source of heading or term |
sears |
| 9 (RLIN) |
39203 |
| 655 #4 - INDEX TERM--GENRE/FORM |
| Genre/form data or focus term |
Nonfiction. |
| -- |
39207 |
| 365 ## - TRADE PRICE |
| Price amount |
1,550.00 |
| Currency code |
Php |
| 906 ## - LOCAL DATA ELEMENT F, LDF (RLIN) |
| a |
7 |
| b |
cbc |
| c |
copycat |
| d |
2 |
| e |
ncip |
| f |
20 |
| g |
y-gencatlg |
| 942 ## - ADDED ENTRY ELEMENTS (KOHA) |
| Source of classification or shelving scheme |
Dewey Decimal Classification |
| Koha item type |
Circulation |